| 000 | 00549nam a2200181 a 4500 | ||
|---|---|---|---|
| 005 | 20140310182409.0 | ||
| 008 | 090428s19uu xx 00 eng d | ||
| 020 | _a0-7368-1029-3 | ||
| 050 |
_aRJ 506.H9 _b.P43 2002 |
||
| 100 | _aPeacock, Judith | ||
| 245 |
_aADD and ADHD / _cJudith Peacock. |
||
| 260 |
_aMinnesota : _bLife Matters, _c2002. |
||
| 300 |
_a64 p. : _bcol. ill. ; _c19 cm. |
||
| 440 | _aPerspective on Mental Health | ||
| 650 |
_aAttention-deficit hyperactivity disorder _xJuvenile literature. |
||
| 942 |
_cBK _2lcc |
||
| 999 |
_c12794 _d12794 |
||